| 000 | 00949nkm a2200337 c 4500 | ||
|---|---|---|---|
| 999 |
_c208546 _d208546 |
||
| 003 | BLK | ||
| 005 | 20200429150514.0 | ||
| 008 | 180412b bul rap|r|||| r0| ||bulo| | ||
| 010 | _aKNG00043482000 | ||
| 020 | _a2-87714-283-3 | ||
| 040 | _aBLK | ||
| 041 |
_aENG _cENG |
||
| 080 |
_aПлетене на дантели. Тюл. Филе _b746.2 _z746.2 |
||
| 139 |
_aLace _bL 12 _gЛ 40 |
||
| 245 | 1 | 0 | _aLace |
| 257 | _aFRA | ||
| 260 |
_bBookking Intern. _c1995 |
||
| 300 |
_a94 c _bс ил. _c30 см |
||
| 380 | _a7 | ||
| 650 | 4 |
_aБродерия - албуми _9343729 |
|
| 653 | _aбродерия | ||
| 653 | _aпоанлас | ||
| 653 | _aбрюкселска дантела | ||
| 653 | _aдантели | ||
| 653 | _aмодели | ||
| 852 | _aЦб Гр А ІІ 3924 | ||
| 856 | 4 |
_qpdf _u |
|
| 856 | 4 |
_qpdf _u |
|
| 942 |
_cGRA _n0 _s1 |
||
| 944 |
_aCR _c15.01.2003 _kИрена_Линкова |
||
| 944 |
_aED _c01.07.2014 |
||
| 999 | _d208546 | ||